书目信息 |
| 题名: |
珠宝首饰检验
|
|
| 作者: | 施健 主编 | |
| 分册: | ||
| 出版信息: | 北京 中国标准出版社 1999.06 |
|
| 页数: | 10,281页 | |
| 开本: | 26cm | |
| 丛书名: | ||
| 单 册: | ||
| 中图分类: | TS934.3 | |
| 科图分类: | ||
| 主题词: | 宝石--检验--技术教育--教材 , 首饰--检验--技术教育--教材 | |
| 电子资源: | ||
| ISBN: | 978-7-5066-1873-1 | |
| 000 | 00834nam0 2200253 450 | |
| 001 | 0199064853 | |
| 005 | 20100813153710.06 | |
| 010 | @a978-7-5066-1873-1@dCNY50.00 | |
| 100 | @a20100515d1999 em y0chiy0110 ea | |
| 101 | 0 | @achi |
| 102 | @aCN@b110000 | |
| 105 | @af z 000yy | |
| 200 | 1 | @a珠宝首饰检验@Azhu bao shou shi jian yan@f施健主编 |
| 210 | @a北京@c中国标准出版社@d1999.06 | |
| 215 | @a10,281页@c彩照@d26cm | |
| 300 | @a贵金属首饰钻石宝玉石检验员职业技能鉴定用书 | |
| 300 | @a全国职业技能培训推荐教材 劳动和社会保障部培训就业司认定 | |
| 330 | @a本书主要写了宝玉石地质基础,宝玉石的物理性质,宝玉石矿床及资源分布等内容。 | |
| 606 | 0 | @a宝石@x检验@x技术教育@x教材 |
| 606 | 0 | @a首饰@x检验@x技术教育@x教材 |
| 690 | @aTS934.3@v3 | |
| 701 | 0 | @a施健@Ashi jian@4主编 |
| 801 | 0 | @aCN@c20100515 |
| 905 | @dTS934.3@eS493@f4 | |
| 珠宝首饰检验/施健主编.-北京:中国标准出版社,1999.06 |
| 10,281页:彩照;26cm |
| 贵金属首饰钻石宝玉石检验员职业技能鉴定用书.-全国职业技能培训推荐教材 劳动和社会保障部培训就业司认定 |
| ISBN 978-7-5066-1873-1:CNY50.00 |
| 本书主要写了宝玉石地质基础,宝玉石的物理性质,宝玉石矿床及资源分布等内容。 |
| ● |
| 相关链接 |
|
|
|
正题名:珠宝首饰检验
索取号:TS934.3/S493
 
预约/预借
| 序号 | 登录号 | 条形码 | 馆藏地/架位号 | 状态 | 备注 |
| 1 | 1027154 | 210271542 | 自科库501/501自科库 43排6列4层/ [索取号:TS934.3/S493] | 在馆 | |
| 2 | 1027155 | 210271551 | 自科库501/501自科库 43排6列4层/ [索取号:TS934.3/S493] | 在馆 | |
| 3 | 1027156 | 210271560 | 自科二线504/504自科库 10排4列1层/ [索取号:TS934.3/S493] | 在馆 | |
| 4 | 1027157 | 210271579 | 自科二线504/504自科库 10排4列1层/ [索取号:TS934.3/S493] | 在馆 |